000 01131nam a2200325 i 4500
003 EG-GICUC
005 20260127115658.0
008 260127s1947 ua b|||fr|||| 000 0 eng d
040 _aEG-GiCUC
_beng
_cEG-GiCUC
_dEG-GiCUC
_erda
041 _aeng
082 0 4 _221
_a341.3
_bAM . U
092 0 4 _221
099 _aLaw1 11 341.3 AM . U 1947
245 0 4 _aThe Unity Of The Nile Valley :
_bIts Geographical Bases And Its Manifestations In History /
_cContributions By Abbas Ammar, Ahmad Badawi, Ibrahim Noshi, M. Shafik Ghorbal. Abdel Rahman Ζaki
264 1 _aCairo :
_bGovernment Press,
_c1947.
300 _a98 pages :
_bMaps,
_c24 cm
336 _2rda content
_atext
337 _2rda media
_aComputer
338 _2rda carrier
_aOnline Resource
490 _aEgyptian Kingdom
504 _aBibliography: pages 200-250.
546 _aText in English
650 1 4 _aInternational Relations
_2qrmak
650 1 4 _aPublic international law
_2qrmak
651 1 _2qrmak
700 1 _aAmmar, Abbas
_eContributor
856 4 0 _uhttps://fll.law.cu.edu.eg/fulltext/bks/B11-06932.pdf
905 _a79
942 _2ddc
_cBK
_e21
_n0
999 _c59573
_d59573